[Event "AUTO-OPEN-536"]
[Site "http://www.queenalice.com/game.php?id=161168"]
[Date "2007.1.30"]
[Round "1"]
[White "Cruz"]
[Black "gabrielbrenner"]
[Result "0-1"]
[WhiteElo "1500"]
[BlackElo "1699"]

1. d4 d5 2. c4 e6 3. Nc3 Nf6 4. Bg5 Nbd7 5. Nf3 Bb4 6. cxd5 exd5 7. e3 b6 8. Bb5
O-O 9. Bc6 Rb8 10. Bxd5 h6 11. Bxf6 Qxf6 12. O-O c6 13. Bb3 c5 14. Nd5 Qd6 0-1

[Event "AUTO-OPEN-536"]
[Site "http://www.queenalice.com/game.php?id=161169"]
[Date "2007.1.30"]
[Round "1"]
[White "gabrielbrenner"]
[Black "Cruz"]
[Result "1-0"]
[WhiteElo "1707"]
[BlackElo "1400"]

1. e4 e6 2. Nc3 d5 3. exd5 exd5 4. Nf3 Nf6 5. d4 Bd6 6. Bd3 O-O 7. O-O Bg4 8.
Be2 Nbd7 9. h3 Bh5 10. Ng5 Bxe2 11. Qxe2 1-0

[Event "AUTO-OPEN-537"]
[Site "http://www.queenalice.com/game.php?id=161446"]
[Date "2007.1.31"]
[Round "1"]
[White "El_Toro"]
[Black "Cruz"]
[Result "1-0"]
[WhiteElo "1807"]
[BlackElo "1382"]

1. g4 e5 2. Bg2 h5 3. h3 hxg4 4. hxg4 Rxh1 5. Bxh1 Qh4 6. Bf3 e4 7. Bg2 Qxg4 8.
Kf1 d5 9. Bh3 Qh4 10. Bxc8 Nf6 11. d3 Nbd7 12. Bxb7 1-0

[Event "AUTO-OPEN-537"]
[Site "http://www.queenalice.com/game.php?id=161447"]
[Date "2007.1.31"]
[Round "1"]
[White "Cruz"]
[Black "El_Toro"]
[Result "0-1"]
[WhiteElo "1382"]
[BlackElo "1805"]

1. d4 d5 2. c4 e6 3. Nc3 Nf6 4. Bg5 Nbd7 5. Nf3 c6 6. cxd5 cxd5 7. e3 Be7 8. Bd3
a6 9. O-O h6 10. Bh4 O-O 11. Rc1 b5 0-1

[Event "AUTO-OPEN-537"]
[Site "http://www.queenalice.com/game.php?id=161468"]
[Date "2007.1.31"]
[Round "1"]
[White "ocarrasco"]
[Black "Cruz"]
[Result "1-0"]
[WhiteElo "1865"]
[BlackElo "1382"]

1. e4 e6 2. d4 d5 3. Nc3 Nf6 4. e5 Nfd7 5. f4 c5 6. Nf3 Nc6 7. Be3 cxd4 8. Bxd4
Nxd4 9. Nxd4 Bc5 10. Qd2 Nxe5 11. fxe5 Qh4+ 12. g3 Qxd4 13. Bb5+ 1-0

[Event "AUTO-OPEN-537"]
[Site "http://www.queenalice.com/game.php?id=161469"]
[Date "2007.1.31"]
[Round "1"]
[White "Cruz"]
[Black "ocarrasco"]
[Result "0-1"]
[WhiteElo "1382"]
[BlackElo "1863"]

1. d4 Nf6 2. c4 g6 3. Nc3 d5 4. Qb3 c6 5. Nf3 dxc4 6. Qxc4 Bg7 7. e4 O-O 8. Be2
Be6 9. Qa4 b5 10. Qc2 a5 11. O-O Nbd7 12. Ng5 Nb6 13. Nxe6 fxe6 0-1

[Event "Challenge"]
[Site "http://www.queenalice.com/game.php?id=1433704"]
[Date "2016.7.29"]
[Round "-"]
[White "meguinho"]
[Black "Cruz"]
[Result "1-0"]
[WhiteElo "2697"]
[BlackElo "1335"]

1. e4 c5 2. Nf3 e6 3. d4 cxd4 4. Nxd4 Nf6 5. Nc3 d6 6. Be3 a6 7. f3 b5 8. g4 h6
9. Qd2 Nbd7 10. O-O-O b4 11. Nce2 Qc7 12. h4 d5 13. Bf4 e5 14. Bh2 dxe4 15. g5
hxg5 16. hxg5 Rxh2 17. Rxh2 exd4 18. Rh4 1-0

[Event "Challenge"]
[Site "http://www.queenalice.com/game.php?id=1433705"]
[Date "2016.7.29"]
[Round "-"]
[White "meguinho"]
[Black "Cruz"]
[Result "1-0"]
[WhiteElo "2696"]
[BlackElo "1335"]

1. d4 Nf6 2. c4 g6 3. Nc3 Bg7 4. e4 d6 5. g3 O-O 6. Bg2 e5 7. Nf3 Nc6 8. d5 Nd4
9. Be3 Bg4 10. h3 Bxf3 11. Bxf3 Nd7 12. Bg2 c5 13. dxc6 bxc6 14. O-O Rb8 15. Ne2
1-0

[Event "Challenge"]
[Site "http://www.queenalice.com/game.php?id=1433706"]
[Date "2016.7.29"]
[Round "-"]
[White "meguinho"]
[Black "Cruz"]
[Result "1-0"]
[WhiteElo "2700"]
[BlackElo "1335"]

1. d4 Nf6 2. c4 g6 3. Nc3 d5 4. cxd5 Nxd5 5. e4 Nxc3 6. bxc3 Bg7 7. Nf3 c5 8.
Rb1 O-O 9. Be3 Nc6 10. Qd2 cxd4 11. cxd4 Bg4 12. d5 Bxf3 13. gxf3 Ne5 14. Be2
Qc8 15. Qd1 Nc4 16. O-O 1-0

[Event "Challenge"]
[Site "http://www.queenalice.com/game.php?id=1433707"]
[Date "2016.7.29"]
[Round "-"]
[White "Cruz"]
[Black "meguinho"]
[Result "0-1"]
[WhiteElo "1333"]
[BlackElo "2701"]

1. e4 e5 2. Nf3 Nc6 3. Bb5 Nf6 4. d3 Bc5 5. Bxc6 dxc6 6. Qe2 Bd6 7. Nbd2 Be6 8.
d4 Nd7 9. dxe5 Nxe5 10. Nxe5 Bxe5 11. Nf3 Bd6 12. O-O f6 0-1

[Event "Challenge"]
[Site "http://www.queenalice.com/game.php?id=1433708"]
[Date "2016.7.29"]
[Round "-"]
[White "Cruz"]
[Black "meguinho"]
[Result "0-1"]
[WhiteElo "1335"]
[BlackElo "2699"]

1. d4 d5 2. c4 c6 3. Nc3 Nf6 4. Nf3 e6 5. Bg5 Nbd7 6. e3 Qa5 7. cxd5 Nxd5 8. Qd2
N7b6 9. Bd3 Nxc3 10. bxc3 Na4 11. O-O Qxc3 12. Qe2 Qb2 0-1

[Event "Challenge"]
[Site "http://www.queenalice.com/game.php?id=1433709"]
[Date "2016.7.29"]
[Round "-"]
[White "Cruz"]
[Black "meguinho"]
[Result "0-1"]
[WhiteElo "1335"]
[BlackElo "2698"]

1. d4 Nf6 2. c4 g6 3. Nc3 d5 4. Bf4 Bg7 5. e3 c5 6. dxc5 Qa5 7. Rc1 dxc4 8. Bxc4
O-O 9. Nf3 Qxc5 10. Bb3 Nc6 11. O-O Qa5 0-1

[Event "AUTO-OPEN-3685"]
[Site "http://www.queenalice.com/game.php?id=1433809"]
[Date "2016.7.30"]
[Round "1"]
[White "Cruz"]
[Black "EdBrazil"]
[Result "0-1"]
[WhiteElo "1348"]
[BlackElo "1617"]

1. e4 e5 2. Nf3 f6 3. Nxe5 fxe5 4. Qh5+ g6 5. Qxe5+ Qe7 6. Qxh8 Nf6 7. d3 d6 8.
Bg5 Nbd7 9. Nc3 b6 10. Nd5 Qd8 0-1

[Event "AUTO-OPEN-3685"]
[Site "http://www.queenalice.com/game.php?id=1433814"]
[Date "2016.7.30"]
[Round "1"]
[White "gomague"]
[Black "Cruz"]
[Result "1-0"]
[WhiteElo "1848"]
[BlackElo "1348"]

1. e4 c5 2. Nf3 e6 3. d4 cxd4 4. Nxd4 Nf6 5. Nc3 d6 6. Be3 a6 7. Be2 Be7 8. Qd2
Qc7 9. h3 b5 10. a3 Nbd7 11. O-O-O 1-0